| 000 | 01318cam a22003131i 4500 | ||
|---|---|---|---|
| 003 | SA-RiAUC | ||
| 005 | 20260420133107.0 | ||
| 008 | 260418s2012____xxu g b i000 0 ara c | ||
| 020 | _a9781565646056 | ||
| 040 |
_aIQ-KaIHL _bara _cSA-RiAUC. _erda |
||
| 041 | 1 |
_aara _hund |
|
| 050 | 4 | _b.S53 2012 | |
| 082 | 0 | 4 |
_a953 _qSA-RiAUC |
| 090 |
_a953 _bش ا ب |
||
| 100 | 1 |
_aشابرا، م. عمر _q(محمد عمر)، _d1933- _eمؤلف. |
|
| 245 | 1 | 2 |
_aالحضارة الإسلامية : _bأسباب الانحطاط والحاجة إلى الإصلاح / _cمحمد عمر شابرا ؛ ترجمة محمد زهير السمهوري. |
| 250 | _aالطبعة الأولى. | ||
| 264 | 1 |
_aهرندن، الولايات المتحدة الأمريكية : _bالمعهد العالمي للفكر الإسلامي، _c2012 |
|
| 300 |
_a272 صفحة ؛ _c24 سم |
||
| 336 |
_aنص _btxt _2rdacontent _3كتاب |
||
| 337 |
_aبدون وسيط _bn _2rdamedia |
||
| 338 |
_aمجلد _bnc _2rdacarrier |
||
| 504 | _aببليوجرافية : صفحة 247-268. | ||
| 650 | 7 |
_aالحضارة الإسلامية _2aucsh |
|
| 650 | 7 |
_aالإسلام والإصلاح _2aucsh |
|
| 700 | 1 |
_aالسمهوري، زهير، _d1932- _eمترجم. |
|
| 942 |
_2ddc _cBOOK _n0 |
||
| 949 |
_aSA-JeALM _d260418 _umohamedma123 _n1 |
||
| 999 |
_c14870 _d14870 |
||